| 000 | 01084nac a22002531u 4500 | ||
|---|---|---|---|
| 010 | _a 2004049855 | ||
| 020 | _a0072884444 (alk. paper) | ||
| 082 | 0 | 0 |
_a658.4/012 _bT3711 |
| 090 |
_c2277 _d2277 |
||
| 100 | _aThompson, Arthur A., | ||
| 245 | 1 | 0 |
_aCrafting and executing strategy : _bthe quest for competitive advantage : concepts and cases / _cArthur A. Thompson, Jr., A.J. Strickland III, John E. Gamble. |
| 250 | _a14th ed. | ||
| 260 |
_aNew York, N.Y. : _bMcGraw-Hill/Irwin, _c2005. |
||
| 300 |
_a1 v. (various pagings) : _bcol. ill. ; _c27 cm. |
||
| 500 | _aRev. ed. of: Strategic management. 13th ed. c2003. | ||
| 504 | _aIncludes bibliographical references and indexes. | ||
| 650 | 0 | _aStrategic planning. | |
| 650 | 0 |
_aStrategic planning _vCase studies. |
|
| 700 | 1 |
_aStrickland, A. J. _q(Alonzo J.) |
|
| 700 | 1 |
_aGamble, John _q(John E.) |
|
| 700 | 1 |
_aThompson, Arthur A., _d1940- |
|
| 942 |
_cBB _k658.4T3711 |
||
| 999 |
_c2277 _d2277 |
||